| 000 | 00599nam a22001817a 4500 | ||
|---|---|---|---|
| 999 |
_c8426 _d8426 |
||
| 003 | GBCCL | ||
| 005 | 20241126110650.0 | ||
| 008 | 210217b ||||| |||| 00| 0 eng d | ||
| 020 | _a9781587433214 (pbk) | ||
| 040 | _cgbc | ||
| 082 |
_a220.1 _bBLO |
||
| 100 |
_aBlomberg, Craig L., _d1955- _9828 |
||
| 245 |
_aCan we still believe the Bible? : _ban evangelical engagement with contemporary questions / _cCraig L. Blomberg. |
||
| 260 |
_aGrand Rapids, Michigan : _bBrazos Press, _c[2014] |
||
| 300 |
_axvi, 287 pages ; _b23 cm |
||
| 650 |
_aBible _vEvidences, authority, etc. _910674 |
||
| 942 |
_2ddc _cBK _09 |
||